Druhy účetních závěrek a případy vlastnických transakcí a podnikových kombinací

Riadne, mimoriadne a predbežné účtovné závierky. Účtovné závierky v súvislosti s vlastníckymi transakciami a podnikovými kombináciami. Druhy účtovných závierok podľa predpisov ČR.

Na minha lista:
Detalhes bibliográficos
Autor principal: Vomáčková, Hana
Formato: Capítulo de Livro
Idioma:tcheco
Assuntos:
Tags: Adicionar Tag
Sem tags, seja o primeiro a adicionar uma tag!

MARC

LEADER 00000naa$a2200000$$$4500
001 0056433
005 20230925090537.9
041 0 |a cze 
044 |a CZ 
245 1 0 |a Druhy účetních závěrek a případy vlastnických transakcí a podnikových kombinací  |c Hana Vomáčková 
520 |a Riadne, mimoriadne a predbežné účtovné závierky. Účtovné závierky v súvislosti s vlastníckymi transakciami a podnikovými kombináciami. Druhy účtovných závierok podľa predpisov ČR. 
610 2 0 |a závierka účtovná 
610 2 0 |a kombinácie podnikové 
610 2 0 |a vzťahy vlastnícke 
610 2 0 |a Česko 
610 2 0 |a predpisy právne 
100 1 |a Vomáčková, Hana